000 00690cam a2200145 4500500
005 20251228073711.0
041 _afre
042 _adc
100 1 0 _ade Chaisemartin, Nathalie
_eauthor
245 0 0 _aKoester Helmut, Ephesos, Metropolis of Asia, An Interdisciplinary Approach to its Archaeology, Religion, and Culture (Harvard Theological Studies, 41), Harvard, Harvard Univ. Press, 2004, 1 vol. 14 × 21,5, XX + 358 p., fig. ds t., 1 dépliant h. t.
260 _c2005.
500 _a8
786 0 _nRevue archéologique | 40 | 2 | 2005-09-01 | p. 365zf-437zf | 0035-0737
856 4 1 _uhttps://shs.cairn.info/revue-archeologique-2005-2-page-365zf?lang=fr&redirect-ssocas=7080
999 _c1595734
_d1595734